| 000 | 01415ngm a22003730a 4500 | ||
|---|---|---|---|
| 001 | PT41426 | ||
| 003 | AR-LpoUNG | ||
| 005 | 20210201235914.0 | ||
| 007 | vd cvaizq | ||
| 008 | 191001s1991||||ag |||||||||||||||||spa d | ||
| 037 | _c$11.25 | ||
| 040 |
_aAR-LpoUNG _bspa _cAR-LpoUNG _eaacr |
||
| 041 | _aspa | ||
| 044 | _aag | ||
| 082 | 0 | _a306.361 344des | |
| 100 | 1 |
_aBauer, Tristán _edir. |
|
| 245 | 1 | 0 | _aDespués de la tormenta |
| 260 |
_aBuenos Aires : _bBlackman, _c[1991]. |
||
| 300 | _aDVD (95 min.) : son., byn | ||
| 505 | 0 | _aGuión: Rubén Alvarez, Graciela Maglie. - Hecha en 1990. - Lectura en sala: 00047533 | |
| 520 | _aLa vida de Ramón Decima, obrero metalúrgico, entra en una crisis al cerrar la fábrica en que trabajaba y ver a su mujer obligada a trabajar de doméstica. La obsesión de regresar a vivir en el campo, donde cree poder alcanzar una vida feliz, lo lleva a separarse de su familia y regresar a la casa de su padre, pero comprende que tampoco allí hay espacio para sus niños entonces regresa a la ciudad con su familia para enfrentar un destino unidos. | ||
| 650 | 4 | _aARGENTINA | |
| 650 | 4 | _aDESEMPLEADOS | |
| 650 | 4 | _aDESEMPLEO | |
| 650 | 4 | _aFAMILIA | |
| 650 | 4 | _aPROBLEMAS SOCIALES | |
| 651 | 4 | _aArgentina | |
| 653 | _aCINE ARGENTINO | ||
| 653 | _aDVD | ||
| 653 | _aVIDEOS | ||
| 710 | 2 | _aKillarney (firma comercial) | |
| 905 | _a41426 | ||
| 942 | _cDVD | ||
| 999 |
_c53749 _d53749 |
||